| 000 | 01764nam0a2200361 4500 | ||
|---|---|---|---|
| 001 | RU\NLR\BIBL_A\022214649 | ||
| 005 | 20240529152008.0 | ||
| 010 |
_a978-5-907645-50-9 _9300 |
||
| 021 |
_aRU _bКН-П-24-014402 _9КН-П-24-1509 |
||
| 035 | _a(NLR Aleph) 022214649 | ||
| 090 |
_a13083480 _c13083480 |
||
| 100 | _a20240506d2023 u y0rusy50 ca | ||
| 101 | 0 | _arus | |
| 102 | _aRU | ||
| 105 | _aac z 010yy | ||
| 181 | 0 |
_ai3 _baxxe |
|
| 182 | 0 | _an | |
| 200 | 1 |
_aБиофизика мозга. Реальность и модели _fГ. Р. Иваницкий _gФедеральное государственное бюджетное учреждение науки, Институт теоретической и экспериментальной биофизики Российской академии наук |
|
| 203 |
_aТекст _bвизуальный _cнепосредственный |
||
| 210 |
_aМосква _cРоссийская академия наук _d2023 |
||
| 215 |
_a261 с. _cил., цв. ил., портр. _d24 |
||
| 300 | _aНа 4-й с. обл. авт.: Иваницкий Г. Р. - биофизик, чл.-кор. РАН, проф., д-р физ.-мат. наук | ||
| 300 | _aНа тит. с.: Рос. акад. наук. 300 лет | ||
| 320 | _aБиблиогр.: с. 232-261 | ||
| 606 | 1 |
_aГоловной мозг _xБиофизика _92589919 _3RU\NLR\AUTH\6601740487 |
|
| 606 | 1 |
_aРоботы-андроиды _92133265 _3RU\NLR\AUTH\661590872 |
|
| 686 | 1 | _aЕ991.77 | |
| 686 | 1 | _aЗ816.2 | |
| 700 | 1 |
_7ca _8rus _aИваницкий _bГ. Р. _f1936- _gГенрих Романович _9249731 _3RU\NLR\AUTH\770249787 |
|
| 942 | _cBOOK | ||
| 980 | _aNB | ||